Aspectos sociales que influyen en el deterioro de la planta fisico-educativo (Record no. 62864)
[ view plain ]
| 000 -CABECERA | |
|---|---|
| campo de control de longitud fija | 00562nam a2200181 a 4500 |
| 005 - FECHA Y HORA DE LA ÚLTIMA TRANSACCIÓN | |
| campo de control | 20210219152859.0 |
| 008 - ELEMENTOS DE LONGITUD FIJA--INFORMACIÓN GENERAL | |
| campo de control de longitud fija | 991125n 000 0 spa u |
| 035 ## - NÚMERO DE CONTROL DEL SISTEMA | |
| Número de control de sistema | UPN01000065007 |
| 100 ## - ASIENTO PRINCIPAL--NOMBRE PERSONAL | |
| Nombre de persona | BARRIENTOS MONZÓN, Ivan |
| 222 ## - TÍTULO CLAVE | |
| Título clave | CONESCAL : REVISTA ESPECIALIZADA EN CONSTRUCCIONES ESCOLARES |
| 245 ## - MENCIÓN DE TÍTULO | |
| Título | Aspectos sociales que influyen en el deterioro de la planta fisico-educativo |
| 300 ## - DESCRIPCIÓN FÍSICA | |
| Extensión | 4-9 |
| 362 ## - FECHAS DE PUBLICACIÓN Y/O DESIGNACIÓN SECUENCIAL | |
| Fecha de publicación y/o designación secuencial | 1979 No. 50 (abr.-jun.) |
| 653 0# - TERMINO DE INDIZACION - NO CONTROLADO | |
| Término no controlado | Construcciones escolares |
| 653 0# - TERMINO DE INDIZACION - NO CONTROLADO | |
| Término no controlado | Mantenimiento |
| 904 ## - ELEMENTOS DE DATOS D LOCAL, LDD (RLIN) | |
| a | AC |
| b | 002818 |
| 905 ## - TIPO DE MATERIAL | |
| Tipo de material | Articulo |
No items available.
